000 01515nam a22002177a 4500
999 _c61900
_d61900
003 Ge_BSU
005 20240605155027.0
008 240605s2008 ge ||||| |||| 00| 0 geo d
041 _ageo
080 _a657.31(083.74) ძ-34
100 _aძაძამია, რევაზ
_9885
245 _aფინანსური ანგარიშგების საერთაშორისო სტანდარტების გამოყენება :
_bთეორიული მასალა, პრაქტიკული მაგალითები, ბუღატრული გატარებები, სავარჯიშოები /
_cრევაზ ძაძამია, რუსუდან ჟორჟოლიანი; რედაქტორი ლ. ჭუმბურიძე; საქ. პროფესიონალ ბუღალტერთა და აუდიტორთა ფედერაცია.
264 _aთბილისი,
_c2008.
300 _a564 გვ. ;
_b29 სმ.
653 _aფინანსები
653 _aეკონომიკა
653 _aბუღატრული გატარებები
700 _aჟორჟოლიანი, რუსუდან
_eავტორი
_922335
710 _a საქ. პროფესიონალ ბუღალტერთა და აუდიტორთა ფედერაცია.
_922336
942 _2udc
_cᲬᲘᲒᲜᲘ